ARRUPE JESUIT UNIVERSITY

CORONAVIRUS -STOP THE SPREAD - CLEAN,DISINFECT,COVER

Leibniz (Record no. 33764)

MARC details
000 -LEADER
fixed length control field 00482nam a2200193Ia 4500
003 - CONTROL NUMBER IDENTIFIER
control field 0100
005 - DATE AND TIME OF LATEST TRANSACTION
control field 20150826124014.0
008 - FIXED-LENGTH DATA ELEMENTS--GENERAL INFORMATION
fixed length control field 130303s9999 xx 000 0 und d
040 ## - CATALOGING SOURCE
Transcribing agency ARRUPELIB
050 ## - LIBRARY OF CONGRESS CALL NUMBER
Classification number B2597.P381
300 ## - PHYSICAL DESCRIPTION
Other physical details 18cm.
100 ## - MAIN ENTRY--PERSONAL NAME
Personal name Peursen, Cornelius Anthine van
9 (RLIN) 18867
245 ## - TITLE STATEMENT
Title Leibniz
260 ## - PUBLICATION, DISTRIBUTION, ETC. (IMPRINT)
Place of publication, distribution, etc New York
260 ## - PUBLICATION, DISTRIBUTION, ETC. (IMPRINT)
Name of publisher, distributor, etc E. P. Dutton and Company
Date of publication, distribution, etc 1970
300 ## - PHYSICAL DESCRIPTION
Extent 128p.
700 ## - ADDED ENTRY--PERSONAL NAME
Personal name Hoskins, Hubert (tr.)
9 (RLIN) 18868
942 ## - ADDED ENTRY ELEMENTS (KOHA)
Source of classification or shelving scheme Library of Congress Classification
Koha item type Monograph ( Printed materials)
Holdings
Withdrawn status Lost status Source of classification or shelving scheme Damaged status Not for loan Collection code Home library Current library Shelving location Date acquired Total Checkouts Full call number Barcode Date last seen Date checked out Copy number Price effective from Koha item type
    Library of Congress Classification     Main Collection ARRUPE LIBRARY ARRUPE LIBRARY   04/03/2013 1 B2597.P381 46003010929 26/10/2016 13/10/2016 1 04/03/2013 Monograph ( Printed materials)
    Library of Congress Classification       ARRUPE LIBRARY ARRUPE LIBRARY   26/08/2015 3 B2597.P381 46003089014 22/08/2018 09/08/2018 2 26/08/2015 Monograph ( Printed materials)

 

Arrupe Library. PO Box MP320 Mt Pleasant, Harare, Zimbabwe
263 242 745411|librarian@aju.ac.zw